| 000 | 00389cam a2200157ua 4500 | ||
|---|---|---|---|
| 001 | 5783 | ||
| 008 | 120804n1993 II |||gr||||Z||||||eng | ||
| 040 | _aMAIN | ||
| 041 | _aEnglish | ||
| 082 | _a511.33 RAI | ||
| 100 | _aRAISINGHANIA, M. D. | ||
| 245 | _aORDINARY AND PARTIAL DIFFENTIAL EQUATIONS | ||
| 260 |
_aMEERUT _bKRISHNA PRAKASHAN MANDIR _c1993 |
||
| 300 |
_a135: _c20CM. |
||
| 942 | _cBK | ||
| 999 |
_c5768 _d5768 |
||